Best Soccer Players in Dream League Soccer 16 - Statistics

General Stats
  • This quiz has been taken 2,542 times
  • The average score is 27 of 118
Answer Stats
Rating Country Player % Correct
93 Argentina Lionel Messi
99%
92 Portugal Cristiano Ronaldo
98%
88 Wales Gareth Bale
93%
89 Uruguay Luis Suarez
92%
87 Brazil Neymar JR
86%
88 Sweden Zlatan Ibrahimovic
82%
86 Croatia Luka Modric
72%
87 Begium Eden Hazard
67%
86 Spain Andres Iniesta
63%
86 Poland Robert Lewandowski
63%
85 Spain Sergio Ramos
61%
86 Spain Gerard Pique
54%
85 Chile Alexis Sanchez
53%
85 France Paul Pogba
52%
85 Belgium Kevin de Bruyne
51%
86 Spain David Silva
50%
88 Spain David de Gea
49%
84 Argentina Angel di Maria
46%
85 Colombia James Rodriguez
45%
85 Italy Gianluigi Buffon
41%
82 Belgium Romelu Lukaku
39%
86 Brazil Thiago Silva
38%
84 Germany Toni Kroos
37%
84 Chile Arturo Vidal
36%
82 England Harry Kane
36%
83 Uruguay Edinson Cavani
35%
85 France Karim Benzema
35%
82 Belgium Thibaut Courtois
35%
84 England Wayne Rooney
35%
83 France Antoine Griezmann
34%
84 Spain Diego Costa
34%
85 Germany Mesut Ozil
34%
84 Spain Jordi Alba
33%
85 Ivory Coast Yaya Toure
33%
83 Croatia Ivan Rakitic
32%
87 Argentina Sergio Aguero
29%
82 Brazil Marcelo
28%
84 Spain Sergio Busquets
28%
84 Austria David Alaba
26%
82 Spain Thiago
26%
86 Belgium Vincent Kompany
26%
85 Italy Giorgio Chiellini
25%
85 France Hugo Lloris
25%
83 Denmark Christian Eriksen
24%
83 Brazil Dani Alves
24%
84 Portugal Pepe
24%
84 Spain Isco
23%
84 Czech Republic Petr Cech
22%
84 Wales Aaron Ramsey
20%
83 Bosnia & Herzegovina Miralem Pjanic
20%
84 Turkey Arda Turan
19%
82 Spain Alvaro Morata
18%
83 England Raheem Sterling
18%
83 Brazil David Luiz
17%
83 Spain Iker Casillas
17%
83 France Raphael Varane
17%
82 Germany Ter Stegen
17%
82 Brazil Diego Alves
16%
84 Argentina Javier Mascherano
16%
84 Brazil Philippe Coutinho
16%
83 Brazil Hulk
15%
85 Spain Cesc Fabregas
14%
83 Croatia Mario Mandzukic
13%
84 Uruguay Diego Godin
12%
83 Argentina Nicolas Otamendi
12%
84 Argentina Carlos Tevez
11%
83 Brazil Oscar
10%
84 England Joe Hart
9%
84 Italy Marco Verratti
9%
82 Spain Pedro
9%
82 Chile Claudio Bravo
8%
84 Morocco Mehdi Benatia
8%
83 Serbia Nemanja Matic
8%
83 Brazil Willian
8%
82 Belgium Dreis Mertens
7%
84 Argentina Gonzalo Higuain
7%
82 Colombia Juan Cuadrado
7%
83 Spain Juan Mata
7%
82 Spain Koke
7%
84 Germany Sami Khedira
7%
82 Colombia Jackson Martinez
6%
83 Argentina Javier Pastore
6%
83 England John Terry
6%
82 France Alexandre Lacazette
5%
83 Italy Andrea Barzagli
5%
82 France Dimitri Payet
5%
82 Belgium Axel Witsel
4%
83 Italy Daniel de Rossi
4%
82 England Daniel Sturridge
4%
82 Brazil Lucas
4%
83 Argentina Pablo Zabaleta
4%
82 Spain Cesar Azpilicueta
3%
84 Italy Claudio Marchiso
3%
82 Serbia Marek Hamsik
3%
83 Brazil Miranda
3%
84 Spain Santiago Cazorla
3%
82 Belgium Christian Benteke
2%
82 Argentina Ever Banega
2%
82 Portugal Joao Moutinho
2%
82 France Laurent Koscielny
2%
82 France Blaise Matudi
1%
82 Spain Daniel Parejo
1%
83 Brazil Dias Luiz Gustavo
1%
83 Spain Diego Lopez
1%
83 Argentina Eziquiel Garay
1%
82 England Jack Wilshere
1%
82 France Jeremy Menez
1%
82 Poland Lukasz Piszczek
1%
82 Spain Pepe Reina
1%
83 Italy Salvatore Sirigu
1%
82 Algeria Sofiane Feghouli
1%
82 France Steve Mandanda
1%
82 Spain Alvaro Negredo
0%
82 France Jeremy Mathieu
0%
82 Serbia Martin Skrtel
0%
82 Argentina Nicolas Gaitan
0%
82 Spain Raul Albiol
0%
82 Germany Schweinstinger
0%
No matching quizzes found
Score Distribution
Percent of People with Each Score
Percentile by Number Answered
Your Score History
You have not taken this quiz